[Event "MVP-ch Seniors op 19th"]
[Site "Ostseebad Binz"]
[Date "2019.11.30"]
[Round "4"]
[White "Petzold, Hans"]
[Black "Josting, Friedel"]
[Result "1/2-1/2"]
[WhiteElo "1972"]
[BlackElo "1836"]
[PlyCount "56"]
[EventDate "2019.11.27"]
[EventType "swiss"]
[EventRounds "9"]
[EventCountry "GER"]
[SourceTitle "EXT 2021"]
[Source "ChessBase"]
[SourceDate "2020.10.23"]
[SourceVersion "1"]
[SourceVersionDate "2020.10.23"]
[SourceQuality "1"]

1. e4 c5 2. Nc3 Nc6 3. g3 g6 4. Bg2 Bg7 5. Nge2 d6 6. d3 Nf6 7. 0-0 0-0 8. h3 Rb8 9. f4 Bd7 10. g4 b5 11. Ng3 Nd4 12. Nce2 Bc6 13. c3 Nxe2+ 14. Qxe2 Qc7 15. Bd2 Nd7 16. Rae1 a5 17. Bc1 a4 18. a3 b4 19. c4 bxa3 20. bxa3 Rb3 21. h4 Rfb8 22. h5 Qa5 23. hxg6 hxg6 24. Rd1 Bb2 25. Bd2 Bc3 26. Bc1 Bb2 27. Bd2 Qd8 28. e5 Bxg2 1/2-1/2

[Event "MVP-ch Seniors op 19th"]
[Site "Ostseebad Binz"]
[Date "2019.11.29"]
[Round "3"]
[White "Josting, Friedel"]
[Black "Molsner, Heinz"]
[Result "1-0"]
[WhiteElo "1836"]
[BlackElo "1667"]
[PlyCount "102"]
[EventDate "2019.11.27"]
[EventType "swiss"]
[EventRounds "9"]
[EventCountry "GER"]
[SourceTitle "EXT 2021"]
[Source "ChessBase"]
[SourceDate "2020.10.23"]
[SourceVersion "1"]
[SourceVersionDate "2020.10.23"]
[SourceQuality "1"]

1. c4 e5 2. Nc3 d6 3. g3 Nf6 4. Bg2 Be7 5. d3 0-0 6. Nf3 Nbd7 7. 0-0 Re8 8. b4 a6 9. a4 Rb8 10. Rb1 b6 11. Bd2 Nf8 12. Qc2 Bf5 13. Qb3 N6d7 14. Rbc1 Be6 15. Rfd1 c5 16. Nd5 Bxd5 17. cxd5 Nf6 18. Qa2 N8d7 19. e3 cxb4 20. Bxb4 a5 21. Ba3 Rb7 22. d4 e4 23. Nd2 Bf8 24. Bf1 Qb8 25. Rc6 Rd8 26. Rdc1 Ra7 27. Bb5 Be7 28. Qc4 Nf8 29. Qc2 Nxd5 30. Nxe4 Nf6 31. Nxf6+ Bxf6 32. Qd3 Ne6 33. Ba6 Rc7 34. Qb5 h6 35. Rxb6 Rxc1+ 36. Bxc1 Qc7 37. Rc6 Qb8 38. Rb6 Qc7 39. Qc6 Qe7 40. Rb7 Qf8 41. Rd7 Rb8 42. Kg2 Be7 43. Ba3 Nd8 44. Qc7 Ne6 45. Qc6 Nd8 46. Qe4 Ne6 47. d5 Nc5 48. Bxc5 dxc5 49. Qxe7 Ra8 50. Qxf8+ Kxf8 51. d6 g6 1-0

[Event "MVP-ch Seniors op 19th"]
[Site "Ostseebad Binz"]
[Date "2019.11.28"]
[Round "2"]
[White "Scholz, Jutta"]
[Black "Josting, Friedel"]
[Result "0-1"]
[WhiteElo "1639"]
[BlackElo "1836"]
[PlyCount "68"]
[EventDate "2019.11.27"]
[EventType "swiss"]
[EventRounds "9"]
[EventCountry "GER"]
[SourceTitle "EXT 2021"]
[Source "ChessBase"]
[SourceDate "2020.10.23"]
[SourceVersion "1"]
[SourceVersionDate "2020.10.23"]
[SourceQuality "1"]

1. e4 c5 2. Nc3 Nc6 3. g3 g6 4. d3 d6 5. Bg2 Bg7 6. f4 Rb8 7. Nf3 Nf6 8. 0-0 0-0 9. a4 a6 10. Ne2 Qc7 11. c3 b5 12. axb5 axb5 13. h3 Bb7 14. g4 Ra8 15. Rb1 Na5 16. Ng3 c4 17. g5 Nd7 18. d4 Nb3 19. Be3 Ra2 20. Qe1 Re8 21. f5 e5 22. f6 exd4 23. cxd4 Bf8 24. Nd2 Nxd2 25. Bxd2 Qb6 26. Qf2 b4 27. Rfe1 Qa5 28. Qf1 c3 29. Ra1 cxd2 30. Rxa2 dxe1Q 31. Rxa5 Qxg3 32. Qf2 Qxf2+ 33. Kxf2 Bxe4 34. b3 d5 0-1

[Event "GER-ch Seniors 65 31st"]
[Site "Radebeul"]
[Date "2019.05.03"]
[Round "8"]
[White "Ludwig, Siegfried"]
[Black "Josting, Friedel"]
[Result "0-1"]
[WhiteElo "1536"]
[BlackElo "1855"]
[PlyCount "71"]
[EventDate "2019.04.26"]
[EventType "swiss"]
[EventRounds "9"]
[EventCountry "GER"]
[SourceTitle "CBM 190 Extra"]
[Source "ChessBase"]
[SourceDate "2019.07.15"]
[SourceVersion "1"]
[SourceVersionDate "2019.07.15"]
[SourceQuality "1"]

1. e4 e6 2. Nc3 c5 3. Be2 Nc6 4. Nf3 Be7 5. 0-0 d6 6. h3 Nf6 7. d3 0-0 8. Nh2 Nd4 9. Bg4 b5 10. Ne2 Bb7 11. Ng3 a5 12. c3 Nc6 13. f4 Qb6 14. Kh1 Rad8 15. Qe1 b4 16. Bd2 Ba6 17. Be2 Rd7 18. Rf3 h6 19. Re3 Qd8 20. Rd1 Nh7 21. Bf3 Bh4 22. Bg4 d5 23. e5 d4 24. Rf3 dxc3 25. Bc1 c4 26. Nhf1 cxd3 27. Qe4 Nd4 28. Re3 Ne2 29. b3 Nxg3+ 30. Nxg3 d2 31. f5 Ng5 32. Qc6 Bb7 33. Qb5 dxc1Q 34. Rxc1 f6 35. Qe2 Rd2 36. Qb5 0-1

[Event "GER-ch Seniors 65 31st"]
[Site "Radebeul"]
[Date "2019.05.01"]
[Round "6"]
[White "Kurpiela, Franz"]
[Black "Josting, Friedel"]
[Result "1-0"]
[WhiteElo "1731"]
[BlackElo "1855"]
[PlyCount "73"]
[EventDate "2019.04.26"]
[EventType "swiss"]
[EventRounds "9"]
[EventCountry "GER"]
[SourceTitle "CBM 190 Extra"]
[Source "ChessBase"]
[SourceDate "2019.07.15"]
[SourceVersion "1"]
[SourceVersionDate "2019.07.15"]
[SourceQuality "1"]

1. e4 c5 2. Nc3 Nc6 3. f4 g6 4. Nf3 Bg7 5. Bb5 Nd4 6. Bc4 a6 7. a4 d6 8. Nxd4 cxd4 9. Ne2 e5 10. 0-0 Be6 11. Bxe6 fxe6 12. d3 Qe7 13. c3 dxc3 14. bxc3 Nf6 15. fxe5 dxe5 16. Qb3 Rb8 17. Rb1 Qd7 18. Ba3 Nh5 19. Rf3 Bf8 20. Rbf1 Bxa3 21. Qxa3 Qe7 22. Qb3 g5 23. g3 Ng7 24. d4 g4 25. Rf6 Rc8 26. dxe5 Qc5+ 27. R1f2 Rc7 28. Kg2 Qxe5 29. Qb4 Qc5 30. Qxc5 Rxc5 31. Rf7 Nf5 32. Rxb7 Ne3+ 33. Kg1 Rc8 34. Rff7 h5 35. Rfe7+ Kf8 36. Nf4 Rc6 37. Ng6+ 1-0

[Event "GER-ch Seniors 65 31st"]
[Site "Radebeul"]
[Date "2019.04.28"]
[Round "3"]
[White "Josting, Friedel"]
[Black "Grube, Kurt Heinz"]
[Result "0-1"]
[WhiteElo "1855"]
[BlackElo "1594"]
[PlyCount "88"]
[EventDate "2019.04.26"]
[EventType "swiss"]
[EventRounds "9"]
[EventCountry "GER"]
[SourceTitle "CBM 190 Extra"]
[Source "ChessBase"]
[SourceDate "2019.07.15"]
[SourceVersion "1"]
[SourceVersionDate "2019.07.15"]
[SourceQuality "1"]

1. d4 Nf6 2. Nf3 d5 3. Bf4 c5 4. e3 e6 5. Nbd2 Nc6 6. c3 c4 7. Be2 Be7 8. h3 0-0 9. 0-0 b5 10. a4 b4 11. cxb4 Nxb4 12. Ne5 Nd7 13. Ndf3 f6 14. Ng4 h5 15. Ngh2 g5 16. Bg3 h4 17. Bxh4 gxh4 18. Nxh4 Rf7 19. Bh5 Rg7 20. f4 f5 21. N4f3 Nd3 22. Qe2 Nf6 23. Ne5 Nxe5 24. fxe5 Ne4 25. Qd1 Bh4 26. Bf3 Ng3 27. Re1 Qg5 28. Ra3 Ne4 29. Rf1 Bg3 30. Bxe4 Bxh2+ 31. Kxh2 fxe4 32. Qe2 Qg3+ 33. Kh1 Ba6 34. Qf2 c3 35. Qxg3 Rxg3 36. Re1 c2 37. Kh2 Rg7 38. Rc3 Bd3 39. g4 Rf7 40. Kg3 a5 41. Rc6 Re7 42. g5 Rb8 43. Kf2 Rxb2 44. h4 c1Q+ 0-1

[Event "MVP-ch Seniors op 18th"]
[Site "Ostseebad Binz"]
[Date "2018.12.05"]
[Round "8"]
[White "Josting, Friedel"]
[Black "Tuertmann, Dieter"]
[Result "0-1"]
[WhiteElo "1861"]
[BlackElo "2012"]
[PlyCount "92"]
[EventDate "2018.11.28"]
[EventType "swiss"]
[EventRounds "9"]
[EventCountry "GER"]
[SourceTitle "CBM 188 Extra"]
[Source "ChessBase"]
[SourceDate "2019.02.28"]
[SourceVersion "1"]
[SourceVersionDate "2019.02.28"]
[SourceQuality "1"]

1. d4 Nf6 2. Nf3 d5 3. e3 a6 4. a4 e6 5. Bd3 c5 6. c3 Nc6 7. Nbd2 Qc7 8. Qe2 b6 9. e4 cxd4 10. Nxd4 Nxd4 11. cxd4 dxe4 12. Nxe4 Be7 13. 0-0 Bb7 14. Bd2 0-0 15. Rac1 Qd7 16. Bc3 Rfd8 17. Rfe1 Nxe4 18. Bxe4 Bxe4 19. Qxe4 Bf6 20. Rcd1 Qxa4 21. Rd3 Rd5 22. Rh3 h6 23. Rd3 Rad8 24. Red1 e5 25. b3 Qd7 26. f4 exd4 27. Bb2 a5 28. h3 b5 29. g4 b4 30. Kh1 g6 31. Rg1 Bg7 32. Bc1 Re8 33. Qf3 Qe6 34. Bd2 Qe4 35. Qxe4 Rxe4 36. f5 g5 37. h4 Bf6 38. hxg5 Bxg5 39. Rgg3 Bxd2 40. Rxd2 Kg7 41. g5 hxg5 42. Rxg5+ Kf6 43. Rg3 Rxf5 44. Rdg2 Re1+ 45. Rg1 Rxg1+ 46. Kxg1 Ke5 0-1

[Event "MVP-ch Seniors op 18th"]
[Site "Ostseebad Binz"]
[Date "2018.11.28"]
[Round "1"]
[White "Josting, Friedel"]
[Black "Rahls, Peter"]
[Result "0-1"]
[WhiteElo "1861"]
[BlackElo "2216"]
[PlyCount "60"]
[EventDate "2018.11.28"]
[EventType "swiss"]
[EventRounds "9"]
[EventCountry "GER"]
[SourceTitle "CBM 188 Extra"]
[Source "ChessBase"]
[SourceDate "2019.02.28"]
[SourceVersion "1"]
[SourceVersionDate "2019.02.28"]
[SourceQuality "1"]

1. d4 c5 2. e3 e6 3. Nf3 Nf6 4. Bd3 b6 5. c4 Be7 6. 0-0 d5 7. Nc3 0-0 8. b3 Bb7 9. Bb2 Nbd7 10. cxd5 exd5 11. Rc1 a6 12. a4 Re8 13. Re1 cxd4 14. exd4 Bb4 15. Ne5 Rc8 16. Bf5 g6 17. Bh3 Rc7 18. Re3 Nxe5 19. dxe5 Bxc3 20. Rexc3 Rxc3 21. Bxc3 Ne4 22. Bd4 Qe7 23. Qd3 Ng5 24. Bg4 h5 25. Be2 Ne6 26. Bxb6 d4 27. Qh3 Qb4 28. a5 Qd2 29. Rf1 Qxe2 30. f4 h4 0-1

[Event "GER-ch Seniors 65"]
[Site "Hamburg"]
[Date "2018.07.27"]
[Round "7"]
[White "Josting, Friedel"]
[Black "Maczollek, Helmut"]
[Result "1-0"]
[WhiteElo "1857"]
[BlackElo "1557"]
[PlyCount "61"]
[EventDate "2018.07.21"]
[EventType "swiss"]
[EventRounds "9"]
[EventCountry "GER"]
[SourceTitle "CBM 186 Extra"]
[Source "ChessBase"]
[SourceDate "2018.08.24"]
[SourceVersion "1"]
[SourceVersionDate "2018.08.24"]
[SourceQuality "1"]

1. d4 d5 2. Bf4 e6 3. e3 Bd6 4. Bg3 Nf6 5. Nf3 a6 6. c4 b6 7. Nc3 Bb7 8. Bd3 Ne4 9. Rc1 0-0 10. Qc2 f5 11. 0-0 Bxg3 12. hxg3 Nd7 13. Ne2 Qe7 14. a3 Rac8 15. b4 c5 16. Qb3 Rb8 17. Rfd1 Rfc8 18. Nc3 Kh8 19. cxd5 Nxc3 20. Rxc3 Bxd5 21. Qc2 Nf6 22. Bxa6 Be4 23. Qe2 Rd8 24. bxc5 Nd5 25. Rdc1 Nc7 26. Bd3 Bd5 27. Ne5 Qe8 28. cxb6 Na8 29. Bb5 Qe7 30. Qh5 Rb7 31. Ng6+ 1-0

[Event "GER-ch Seniors 65"]
[Site "Hamburg"]
[Date "2018.07.25"]
[Round "5"]
[White "Wilke, Wolfgang"]
[Black "Josting, Friedel"]
[Result "1/2-1/2"]
[WhiteElo "1704"]
[BlackElo "1857"]
[PlyCount "35"]
[EventDate "2018.07.21"]
[EventType "swiss"]
[EventRounds "9"]
[EventCountry "GER"]
[SourceTitle "CBM 186 Extra"]
[Source "ChessBase"]
[SourceDate "2018.08.24"]
[SourceVersion "1"]
[SourceVersionDate "2018.08.24"]
[SourceQuality "1"]

1. d4 Nf6 2. Nf3 e6 3. Bf4 b6 4. e3 Bb7 5. Nbd2 Be7 6. Bd3 d6 7. 0-0 Nbd7 8. Qe2 Nh5 9. Bg3 c5 10. c3 Nxg3 11. fxg3 0-0 12. Bc2 Rc8 13. Rae1 g6 14. Ne4 f5 15. Nf2 Nf6 16. e4 f4 17. g4 cxd4 18. Nxd4 1/2-1/2

[Event "MVP-ch Seniors op 17th"]
[Site "Binz"]
[Date "2017.12.06"]
[Round "8.27"]
[White "Graubaum, Hans Joachim"]
[Black "Josting, Friedel"]
[Result "1-0"]
[WhiteElo "2017"]
[BlackElo "1883"]
[PlyCount "77"]
[EventDate "2017.11.29"]
[EventType "swiss"]
[EventRounds "9"]
[EventCountry "GER"]
[SourceTitle "EXT 2019"]
[Source "ChessBase"]
[SourceDate "2018.10.10"]
[SourceVersion "1"]
[SourceVersionDate "2018.10.10"]
[SourceQuality "1"]

1. e4 c5 2. c3 d5 3. exd5 Qxd5 4. d4 e6 5. Nf3 Nf6 6. Be3 cxd4 7. cxd4 Nc6 8. Nc3 Bb4 9. Bd3 Ne4 10. Qc2 f5 11. 0-0 Bxc3 12. bxc3 Nf6 13. Rab1 0-0 14. Rb5 Qd6 15. Rfb1 b6 16. Qd2 Ba6 17. Bf4 Qe7 18. R5b2 Bxd3 19. Qxd3 Rfd8 20. Re2 Rac8 21. Rd1 Ne4 22. Nd2 g5 23. Nxe4 fxe4 24. Qg3 Rd5 25. h4 h6 26. hxg5 hxg5 27. Rxe4 Nd8 28. Be5 Nf7 29. f4 Qa3 30. Re3 Qe7 31. Qh3 Kf8 32. f5 Rc6 33. fxe6 Rxe6 34. Bg7+ Kxg7 35. Rxe6 Qc7 36. Qh5 Rd8 37. Re7 Qf4 38. Rxf7+ Qxf7 39. Qxg5+ 1-0

[Event "MVP-ch Seniors op 17th"]
[Site "Binz"]
[Date "2017.12.05"]
[Round "7.49"]
[White "Josting, Friedel"]
[Black "Moews, Harald"]
[Result "1-0"]
[WhiteElo "1883"]
[BlackElo "1760"]
[PlyCount "91"]
[EventDate "2017.11.29"]
[EventType "swiss"]
[EventRounds "9"]
[EventCountry "GER"]
[SourceTitle "EXT 2019"]
[Source "ChessBase"]
[SourceDate "2018.10.10"]
[SourceVersion "1"]
[SourceVersionDate "2018.10.10"]
[SourceQuality "1"]

1. d4 d5 2. Nf3 e6 3. e3 Be7 4. Bd3 f5 5. c4 c6 6. Nc3 a6 7. a4 Nh6 8. Bd2 0-0 9. 0-0 Nd7 10. Qe2 g5 11. cxd5 cxd5 12. Ne5 Nxe5 13. dxe5 Nf7 14. f4 g4 15. Kh1 h5 16. g3 Bd7 17. h3 Bc6 18. Kh2 Qd7 19. a5 Rfd8 20. Nd1 Bc5 21. Nf2 Nh6 22. h4 Qe7 23. Rfc1 Rac8 24. Rab1 Nf7 25. b4 Ba7 26. Nd1 d4 27. e4 Nh6 28. Nb2 Qh7 29. exf5 Bf3 30. Qf1 Nxf5 31. Nc4 Qe7 32. Bxf5 exf5 33. Nd6 Rxc1 34. Rxc1 Be4 35. b5 Bb8 36. Bb4 axb5 37. Qxb5 Bxd6 38. Bxd6 Qd7 39. Qb3+ Kh8 40. Rc7 Qe8 41. Be7 Bd5 42. Qb4 Rd7 43. Qb6 Kg8 44. Rc8 Qxc8 45. Qg6+ Kh8 46. Bf6+ 1-0

[Event "MVP-ch Seniors op 17th"]
[Site "Binz"]
[Date "2017.12.03"]
[Round "5.33"]
[White "Josting, Friedel"]
[Black "Peleikis, Horst"]
[Result "1/2-1/2"]
[WhiteElo "1883"]
[BlackElo "1986"]
[PlyCount "88"]
[EventDate "2017.11.29"]
[EventType "swiss"]
[EventRounds "9"]
[EventCountry "GER"]
[SourceTitle "EXT 2019"]
[Source "ChessBase"]
[SourceDate "2018.10.10"]
[SourceVersion "1"]
[SourceVersionDate "2018.10.10"]
[SourceQuality "1"]

1. d4 Nf6 2. Bf4 g6 3. e3 Bg7 4. Nf3 d6 5. h3 0-0 6. Be2 c5 7. 0-0 cxd4 8. exd4 b6 9. Nbd2 Bb7 10. c3 Nbd7 11. Re1 Re8 12. Bb5 a6 13. Ba4 b5 14. Bb3 Nd5 15. Bg3 N7f6 16. a4 Qd7 17. Qe2 Nh5 18. Ne4 Nxg3 19. Nxg3 Bf6 20. Qd2 Bg7 21. Ne4 h6 22. Nh2 Kh7 23. Nf1 f5 24. Neg3 Qc6 25. f3 e5 26. dxe5 dxe5 27. Rad1 Rad8 28. axb5 axb5 29. Qc2 Rd6 30. h4 Red8 31. h5 Ne7 32. hxg6+ Kxg6 33. Rxd6+ Qxd6 34. Qf2 Bf6 35. Rd1 Qc7 36. Rxd8 Qxd8 37. Bc2 Bc8 38. Ne3 Bg5 39. Ng4 Qd6 40. Qe2 Bf4 41. Nf1 h5 42. Nf2 Kf6 43. Qxb5 Ba6 44. Qe8 Ng6 1/2-1/2

[Event "Schleswig Holstein-ch Seniors op 11th"]
[Site "Buesum"]
[Date "2017.09.15"]
[Round "8"]
[White "Josting, Friedel"]
[Black "Goertz, Hans Georg"]
[Result "1/2-1/2"]
[WhiteElo "1884"]
[BlackElo "1998"]
[PlyCount "41"]
[EventDate "2017.09.08"]
[EventType "swiss"]
[EventRounds "9"]
[EventCountry "GER"]
[SourceTitle "EXT 2019"]
[Source "ChessBase"]
[SourceDate "2018.10.10"]
[SourceVersion "1"]
[SourceVersionDate "2018.10.10"]
[SourceQuality "1"]

1. d4 Nf6 2. Bf4 d6 3. Nf3 g6 4. e3 Bg7 5. Nbd2 0-0 6. Be2 Nc6 7. 0-0 Nh5 8. Bg3 Nxg3 9. hxg3 e5 10. c3 Ne7 11. Qb3 Rb8 12. a4 a6 13. Rfd1 Be6 14. c4 b5 15. Qc2 bxc4 16. dxe5 Qc8 17. Nxc4 dxe5 18. Nfxe5 Bxe5 19. Nxe5 Bb3 20. Qc5 Bxd1 21. Rxd1 1/2-1/2

[Event "MVP-ch Seniors op 16th"]
[Site "Binz"]
[Date "2016.11.24"]
[Round "2.22"]
[White "Josting, Friedel"]
[Black "Lehmann, Erwin"]
[Result "1/2-1/2"]
[WhiteElo "1922"]
[BlackElo "2035"]
[PlyCount "88"]
[EventDate "2016.11.23"]
[EventType "swiss"]
[EventRounds "9"]
[EventCountry "GER"]
[SourceTitle "EXT 2018"]
[Source "ChessBase"]
[SourceDate "2017.10.13"]
[SourceVersion "1"]
[SourceVersionDate "2017.10.13"]
[SourceQuality "1"]

1. d4 f5 2. g3 Nf6 3. Bg2 d6 4. Nf3 g6 5. c4 Bg7 6. Nc3 0-0 7. 0-0 Qe8 8. Qb3 h6 9. h4 Qf7 10. Bd2 c6 11. Rac1 Nbd7 12. d5 Nc5 13. Qc2 cxd5 14. cxd5 Bd7 15. Nd4 Rac8 16. Qd1 Nce4 17. Nxe4 Nxe4 18. Bc3 Qxd5 19. Qd3 e5 20. Nb3 Bc6 21. Rfd1 Qxd3 22. Rxd3 Rfd8 23. Rdd1 Nxc3 24. Rxc3 Kf8 25. Rdc1 e4 26. R3c2 Bd7 27. f3 Rxc2 28. Rxc2 Bc6 29. Na5 exf3 30. Nxc6 bxc6 31. Bxf3 c5 32. Kf1 Bd4 33. e4 Kf7 34. exf5 gxf5 35. Re2 Kf6 36. Bd5 Be5 37. Kg2 Rb8 38. b3 Rb4 39. Bc4 a5 40. Rf2 Rb7 41. g4 f4 42. Kf3 Rg7 43. Rg2 Rg6 44. Bd5 Rg7 1/2-1/2

[Event "Hessen-ch Seniors op 12th"]
[Site "Bad Sooden-Allendorf"]
[Date "2016.05.03"]
[Round "4"]
[White "Schruefer, Johann"]
[Black "Josting, Friedel"]
[Result "1/2-1/2"]
[WhiteElo "1521"]
[BlackElo "1920"]
[PlyCount "85"]
[EventDate "2016.04.30"]
[EventType "swiss"]
[EventRounds "9"]
[EventCountry "GER"]
[SourceTitle "EXT 2019"]
[Source "ChessBase"]
[SourceDate "2018.10.10"]
[SourceVersion "1"]
[SourceVersionDate "2018.10.10"]
[SourceQuality "1"]

1. e4 e6 2. Nc3 c5 3. f4 Nc6 4. Nf3 g6 5. Bc4 a6 6. a4 d6 7. 0-0 Bg7 8. Ne2 Nge7 9. c3 0-0 10. Qe1 d5 11. Bd3 d4 12. c4 f5 13. e5 Rb8 14. Ng5 h6 15. Nf3 Nb4 16. Bb1 Bd7 17. Qg3 Bc6 18. Nh4 Qe8 19. d3 Kh7 20. a5 Ba4 21. Bd2 Rd8 22. Bxb4 cxb4 23. Nf3 Bd7 24. Nexd4 Nc6 25. Bc2 Qe7 26. Nb3 Be8 27. h4 Rg8 28. Qh3 Rf8 29. Nh2 Nd4 30. Nxd4 Rxd4 31. Qe3 Rd8 32. Nf3 Bc6 33. g3 Rd7 34. b3 Rfd8 35. Rf2 Bf8 36. Qe2 Qc5 37. Kh2 Qa7 38. Ne1 Bc5 39. Rf1 Bd4 40. Ra2 Qc5 41. Nf3 Kg7 42. Nxd4 Qxd4 43. Qf2 1/2-1/2

[Event "MVP-ch Seniors op 15th"]
[Site "Binz"]
[Date "2015.12.01"]
[Round "8.20"]
[White "Josting, Friedel"]
[Black "Kotlar, Alfred"]
[Result "0-1"]
[WhiteElo "1762"]
[BlackElo "1890"]
[PlyCount "96"]
[EventDate "2015.11.24"]
[EventType "swiss"]
[EventRounds "9"]
[EventCountry "GER"]
[SourceTitle "EXT 2017"]
[Source "ChessBase"]
[SourceDate "2016.10.25"]
[SourceVersion "1"]
[SourceVersionDate "2016.10.25"]
[SourceQuality "1"]

1. c4 g6 2. g3 Bg7 3. Bg2 c6 4. Nc3 e6 5. e4 Ne7 6. d4 d6 7. Nf3 0-0 8. 0-0 d5 9. cxd5 exd5 10. Re1 Na6 11. Bg5 f6 12. Be3 dxe4 13. Nxe4 Nd5 14. Nc3 Kh8 15. Qb3 Nac7 16. Rac1 Nxe3 17. fxe3 Rb8 18. Rcd1 Re8 19. e4 Bg4 20. h3 Bd7 21. d5 c5 22. Qc2 b6 23. Kh2 Nb5 24. Nd2 Nd4 25. Qb1 f5 26. Nf3 Qc7 27. Nxd4 Bxd4 28. Ne2 Be5 29. b3 Kg8 30. Qd3 Qd6 31. h4 Re7 32. Qa6 Rbe8 33. Qd3 Bc8 34. Kh1 Kg7 35. h5 a6 36. Rf1 b5 37. Rc1 fxe4 38. Bxe4 Bg4 39. Bf3 Bf5 40. Qd2 Bxg3 41. Qc3+ Be5 42. Qxc5 Qf6 43. Qf2 Bd7 44. Qg2 Qh4+ 45. Kg1 Bh3 46. Qh1 Bb8 47. Rfd1 Rxe2 48. Bxe2 Qg3+ 0-1

[Event "MVP-ch Seniors op 15th"]
[Site "Binz"]
[Date "2015.11.29"]
[Round "6.32"]
[White "Peleikis, Horst"]
[Black "Josting, Friedel"]
[Result "0-1"]
[WhiteElo "1855"]
[BlackElo "1762"]
[PlyCount "122"]
[EventDate "2015.11.24"]
[EventType "swiss"]
[EventRounds "9"]
[EventCountry "GER"]
[SourceTitle "EXT 2017"]
[Source "ChessBase"]
[SourceDate "2016.10.25"]
[SourceVersion "1"]
[SourceVersionDate "2016.10.25"]
[SourceQuality "1"]

1. e4 c5 2. Nf3 e6 3. d4 cxd4 4. Nxd4 a6 5. Bd3 Nc6 6. Nxc6 dxc6 7. Be3 Nf6 8. Nd2 b5 9. Qe2 Qc7 10. f4 Bb7 11. a4 Be7 12. 0-0 0-0 13. h3 Nd7 14. Qf2 Rab8 15. e5 f5 16. c4 Bb4 17. axb5 cxb5 18. cxb5 axb5 19. Rfc1 Qd8 20. Qe2 Bd5 21. Bxb5 Bxd2 22. Bxd2 Qb6+ 23. Kh2 Qxb5 24. Qxb5 Rxb5 25. Bc3 Rfb8 26. g4 fxg4 27. hxg4 Nc5 28. Rg1 Rf8 29. Raf1 Rb7 30. f5 Ne4 31. f6 Nxc3 32. bxc3 Rb2+ 33. Kh3 Re2 34. Re1 Rxe1 35. Rxe1 gxf6 36. Kh4 f5 37. g5 Rc8 38. g6 hxg6 39. Kg5 Kg7 40. Ra1 Rf8 41. Ra4 f4 42. c4 Rf5+ 43. Kh4 Bg2 44. Ra7+ Rf7 45. Ra1 f3 46. Kg3 Rc7 47. Ra4 Rc5 48. Ra7+ Kh6 49. Ra6 Rxe5 50. Rd6 Kg5 51. Rd4 Rf5 52. Rg4+ Kf6 53. Kf2 Rc5 54. Rf4+ Rf5 55. Re4 g5 56. Rd4 Rf4 57. Rd8 Rxc4 58. Rf8+ Ke5 59. Kg3 Rf4 60. Ra8 f2 61. Ra5+ Bd5 0-1

[Event "MVP-ch Seniors op 15th"]
[Site "Binz"]
[Date "2015.11.27"]
[Round "4.29"]
[White "Kuehne, Klaus Dieter"]
[Black "Josting, Friedel"]
[Result "1-0"]
[WhiteElo "1909"]
[BlackElo "1762"]
[PlyCount "130"]
[EventDate "2015.11.24"]
[EventType "swiss"]
[EventRounds "9"]
[EventCountry "GER"]
[SourceTitle "EXT 2017"]
[Source "ChessBase"]
[SourceDate "2016.10.25"]
[SourceVersion "1"]
[SourceVersionDate "2016.10.25"]
[SourceQuality "1"]

1. d4 Nf6 2. c4 e6 3. Nc3 c5 4. d5 exd5 5. cxd5 d6 6. g3 g6 7. Bg2 Bg7 8. Nf3 0-0 9. 0-0 Na6 10. Nd2 Nc7 11. a4 Re8 12. Nc4 Bf5 13. Bf4 Bf8 14. Re1 Ne4 15. f3 Nxc3 16. bxc3 g5 17. Bd2 Bg6 18. e4 Rb8 19. Qc1 h6 20. f4 f6 21. a5 Qd7 22. Qd1 Qb5 23. Bf1 Qd7 24. f5 Bh7 25. Bd3 Qf7 26. Qc2 h5 27. h4 Qg7 28. Kh2 Kh8 29. Rg1 Be7 30. Qd1 Qf7 31. Be2 g4 32. Bf4 Red8 33. Qd2 Ne8 34. Rgb1 Bf8 35. Bd3 Qd7 36. Ne3 Qe7 37. c4 Nc7 38. Ng2 Na6 39. Re1 Nb4 40. Ra3 Nxd3 41. Qxd3 Re8 42. Bd2 Bg8 43. Nf4 Bf7 44. Ne6 Kh7 45. Qe3 b5 46. cxb5 Rxb5 47. Rb3 Reb8 48. Reb1 Rxb3 49. Rxb3 Rxb3 50. Qxb3 Bh6 51. Bc3 Bxe6 52. dxe6 Bf8 53. a6 Kg7 54. Qb7 Kh6 55. Bd2+ Kg7 56. Ba5 c4 57. Kg2 Kg8 58. Kf2 d5 59. Qxd5 Qc5+ 60. Ke2 Qxd5 61. exd5 Bd6 62. Be1 Kf8 63. Bf2 Ke7 64. Bxa7 Bxg3 65. Bc5+ Kd8 1-0